000 00355 a2200109 4500
001 ART_19229
005 20260410161921.0
008 260409a
245 1 0 _aRevalúo contable y aumento de capital en las Sociedades Anónimas
100 1 _aEscuti, Ignacio A. (h)
773 0 _tLa información
_g- Tomo XL, Nº 595 (jul. 1979)
_wREV14902
999 _c27715
_d27715